IFM Opac

SOCIAL RESPONSIBILITIES AND LIBRARIES (Record no. 19134)

MARC details
000 -LEADER
fixed length control field 00317nam a22001337a 4500
020 ## - INTERNATIONAL STANDARD BOOK NUMBER
International Standard Book Number 0835209520
082 ## - DEWEY DECIMAL CLASSIFICATION NUMBER
Classification number 021.4 SOC
100 ## - MAIN ENTRY--PERSONAL NAME
Personal name PATRICIA ,Glass. schuman
245 ## - TITLE STATEMENT
Title SOCIAL RESPONSIBILITIES AND LIBRARIES
260 ## - PUBLICATION, DISTRIBUTION, ETC.
Place of publication, distribution, etc. LONDON
Name of publisher, distributor, etc. BOWKER
Date of publication, distribution, etc. 1976
300 ## - PHYSICAL DESCRIPTION
Extent x,402p
Other physical details ill.;23CM
500 ## - GENERAL NOTE
General note Index
942 ## - ADDED ENTRY ELEMENTS (KOHA)
Koha item type Books
Holdings
Withdrawn status Lost status Damaged status Not for loan Home library Current library Shelving location Date acquired Total Checkouts Full call number Barcode Date last seen Price effective from Koha item type
        IFM Main Campus Library IFM Main Campus Library Archival Collection 04/08/2021   021.4 SOC 0000012591 10/12/2017 02/19/2022 Books